Zamestnanosť v SR, krajoch a okresoch 2005

Na minha lista:
Detalhes bibliográficos
Formato: Livro
Idioma:eslovaco
Publicado em: Bratislava Štatistický úrad Slovenskej republiky 2006
Colecção:Demografia a sociálna štatistika
Assuntos:
Tags: Adicionar Tag
Sem tags, seja o primeiro a adicionar uma tag!

MARC

LEADER 00000nam$a2200000$$$4500
001 0049421
005 20260225084029.2
041 0 |a slo 
044 |a SK 
245 1 0 |a Zamestnanosť v SR, krajoch a okresoch 2005 
264 1 |a Bratislava  |b Štatistický úrad Slovenskej republiky  |c 2006 
300 |a 25 s. 
490 1 |a Demografia a sociálna štatistika 
830 0 |a Demografia a sociálna štatistika 
610 2 0 |a Slovensko 
610 2 0 |a zamestnanosť